[Event "79th ch-ARG"]
[Site "Buenos Aires ARG"]
[Date "2004.09.25"]
[Round "2"]
[White "Sorin,A"]
[Black "Jimenez,Joa"]
[Result "1-0"]
[WhiteElo "2509"]
[BlackElo "2195"]

1.d4 Nf6 2.c4 e6 3.Nf3 Bb4+ 4.Nbd2 O-O 5.e3 d6 6.Bd3 Nbd7 7.O-O Bxd2 8.Nxd2 e5
9.f4 Qe7 10.fxe5 dxe5 11.Qf3 exd4 12.exd4 c5 13.Nb3 cxd4 14.Bg5 h6 15.Rae1 Ne5
16.Qg3 hxg5 17.Rxe5 Be6 18.Rxg5 Bg4 19.Re5 Qd8 20.Rf4 Re8 21.Rxd4 Qb8 22.Rxe8+ Qxe8
23.h3 Be6 24.Nc5 Qc6 25.Qd6 Qe8 26.Nxb7 Bc8 27.Nc5 Qe3+ 28.Kh1 Bxh3 29.Qf4 Qe1+
30.Kh2 Bg4 31.Ne4 Qh4+ 32.Kg1 Qe1+ 33.Bf1 Be2 34.Nxf6+ gxf6 35.Qf2 Qxf2+
36.Kxf2 Bxf1 37.Kxf1 Kg7 38.b4 f5 39.Rd6 Re8 40.c5 Re4 41.a3 a5 42.b5  1-0

[Event "Monarch Assurance"]
[Site "Port Erin IOM"]
[Date "2004.09.25"]
[Round "1"]
[White "Sarakauskas,G"]
[Black "Iordachescu,V"]
[Result "1/2-1/2"]
[WhiteElo "2442"]
[BlackElo "2633"]

1.Nf3 Nf6 2.d4 e6 3.c4 Bb4+ 4.Nbd2 b6 5.g3 Ba6 6.Qc2 c5 7.Bg2 Nc6 8.dxc5 bxc5
9.O-O Bxd2 10.Bxd2 O-O 11.Rfd1 Rc8 12.Bg5 d5 13.cxd5 Nb4 14.Qa4 Bxe2 15.Rd2 Bxf3
16.Bxf3 Nbxd5 17.Qxa7 h6 18.Bxf6 Qxf6 19.Bxd5 exd5 20.Rc1 Qg5 21.Rdc2 d4
22.h4 Qg4 23.Rxc5 d3 24.Rxc8 Rxc8 25.Rxc8+ Qxc8 26.Qe3 Qc4 27.h5 Qd5 28.Qd2 Kh7
29.a4 Qf3 30.a5 Qe2 31.Qf4 d2 32.Qf5+ Kg8  1/2-1/2

[Event "Monarch Assurance"]
[Site "Port Erin IOM"]
[Date "2004.09.25"]
[Round "1"]
[White "Peek,Mar"]
[Black "Baklan,V"]
[Result "0-1"]
[WhiteElo "2406"]
[BlackElo "2595"]

1.d4 Nf6 2.Nf3 e6 3.c4 Bb4+ 4.Nbd2 b6 5.a3 Bxd2+ 6.Bxd2 Bb7 7.Bg5 h6 8.Bh4 d6
9.e3 Nbd7 10.Bd3 Qe7 11.O-O g5 12.Bg3 h5 13.h4 gxh4 14.Bxh4 Rg8 15.e4 Rg4
16.Re1 e5 17.d5 Nf8 18.Bf1 Ng6 19.Bxf6 Qxf6 20.Nh2 Rf4 21.g3 Rxf2 22.Qxh5 Rxb2
23.Ng4 Qe7 24.Bh3 O-O-O 25.Nxe5+ Kb8 26.Nxg6 fxg6 27.Qxg6 Qe5 28.Rad1 Qh8
29.Bg2 Rg8  0-1

[Event "Monarch Assurance"]
[Site "Port Erin IOM"]
[Date "2004.09.28"]
[Round "4"]
[White "Armbruster,A"]
[Black "Kiriakov,P"]
[Result "1/2-1/2"]
[WhiteElo "2351"]
[BlackElo "2555"]

1.d4 Nf6 2.c4 e6 3.Nf3 Bb4+ 4.Nbd2 b6 5.a3 Bxd2+ 6.Qxd2 Bb7 7.e3 O-O 8.Be2 Ne4
9.Qc2 f5 10.O-O a5 11.b3 d6 12.Bb2 Nd7 13.Rad1 Qe7 14.b4 Rf7 15.d5 e5 16.Bd3 axb4
17.axb4 b5 18.c5 Bxd5 19.Bxb5 Be6 20.Bc6 Rb8 21.cxd6 cxd6 22.b5 Ndc5 23.Nd2 Bd7
24.Bxd7 Qxd7 25.Bxe5 Rxb5 26.Nc4 Nb7 27.Bd4 Na5 28.Nxa5 Rxa5 29.Rc1 h6 30.f3 Ng5
31.Ra1 Rxa1 32.Rxa1 Ne6 33.Ra8+ Kh7 34.Qc8 Nxd4 35.exd4  1/2-1/2

[Event "TCh-Vojvodina"]
[Site "Sombor SCG"]
[Date "2004.09.28"]
[Round "6"]
[White "Tesic,D"]
[Black "Ilincic,Z"]
[Result "1/2-1/2"]
[WhiteElo "2375"]
[BlackElo "2520"]

1.d4 Nf6 2.Nf3 e6 3.c4 Bb4+ 4.Nbd2 O-O 5.a3 Bxd2+ 6.Qxd2 b6 7.e3 Bb7 8.Be2 d6
9.O-O Nbd7 10.b4 Ne4 11.Qd3 f5 12.Bb2 Rf6 13.d5 e5 14.Nh4 g6 15.f3 Ng5 16.f4  1/2-1/2

[Event "Monarch Assurance"]
[Site "Port Erin IOM"]
[Date "2004.10.03"]
[Round "9"]
[White "Williams,Si"]
[Black "Pavlovic,Mi"]
[Result "0-1"]
[WhiteElo "2427"]
[BlackElo "2498"]

1.d4 Nf6 2.c4 e6 3.Nf3 Bb4+ 4.Nbd2 b6 5.a3 Bxd2+ 6.Qxd2 Bb7 7.e3 O-O 8.Be2 d6
9.b4 Nbd7 10.Bb2 Qe7 11.O-O c5 12.dxc5 bxc5 13.b5 Ne4 14.Qc2 f5 15.Ne1 e5
16.Bd3 Qg5 17.Bc1 Qg6 18.a4 Rae8 19.f3 Ng5 20.Be2 Re6 21.Bd1 Qh6 22.Rb1 Rg6
23.Kh1 Nf6 24.Qf2 e4 25.f4 Nf3 26.gxf3 exf3 27.Bxf3 Ne4 28.Bxe4 Bxe4+ 29.Nf3 Bxb1
30.Nd2 Bd3 31.Re1 Qh3 32.Bb2 Re8 33.a5 Re7 34.e4 Bxe4+ 35.Nxe4 Rxe4 36.Rxe4 fxe4
37.b6 axb6 38.a6 Qd3 39.h3  0-1

[Event "Monarch Assurance"]
[Site "Port Erin IOM"]
[Date "2004.10.03"]
[Round "9"]
[White "Cox,JJ"]
[Black "Cannon,R"]
[Result "1-0"]
[WhiteElo "2314"]
[BlackElo "2060"]

1.d4 e6 2.c4 Nf6 3.Nf3 Bb4+ 4.Nbd2 b6 5.e3 Bb7 6.Bd3 O-O 7.O-O d5 8.cxd5 exd5
9.a3 Bd6 10.b4 a5 11.b5 Ne4 12.a4 Qe7 13.Qb3 Nd7 14.Ba3 Rfe8 15.Bxd6 Qxd6
16.Rac1 f5 17.g3 h6 18.Rc2 g5 19.Rfc1 Rac8 20.Bf1 f4 21.Nxe4 Rxe4 22.exf4 gxf4
23.Bh3 fxg3 24.hxg3 Rd8 25.Rc6 Bxc6 26.Rxc6 Ne5 27.Rxd6 Nxf3+ 28.Qxf3 Rxd6
29.Qf5 Re7 30.Bg2 Red7 31.Qe5 Rd8 32.Bh3 Kf7 33.Bg4 c5 34.bxc6 Rxc6 35.Bh5+ Kg8
36.Qe7 Rcd6 37.Be8 Kh8 38.Qf7 h5 39.Qxh5+ Kg7 40.f4 Kg8 41.Qf7+ Kh8 42.Kg2 b5
43.Bxb5 Rh6 44.Be8 Rdd6 45.Qf8+ Kh7 46.Bf7 Rh2+ 47.Kxh2 Rh6+ 48.Qxh6+  1-0

[Event "XI Bela Papp Mem"]
[Site "Torokbalint HUN"]
[Date "2004.10.16"]
[Round "1"]
[White "Werner,Di"]
[Black "Ilincic,Z"]
[Result "1/2-1/2"]
[WhiteElo "2301"]
[BlackElo "2522"]

1.d4 Nf6 2.c4 e6 3.Nf3 Bb4+ 4.Nbd2 O-O 5.a3 Bxd2+ 6.Qxd2 b6 7.b4 Bb7 8.Bb2 d6
9.e3 Nbd7 10.Be2 Qe7 11.O-O h6 12.Rac1 Rfd8 13.d5 exd5 14.cxd5 Nxd5 15.Nd4 N7f6
16.Nc6 Bxc6 17.Rxc6 Rac8 18.Rfc1 Rd7 19.h3 Re8 20.Bf3 Qe6 21.Bxf6 Nxf6 22.Rxc7 d5
23.R1c6 Rxc7 24.Rxc7 Re7 25.Rc2 Qe5 26.Rc8+ Re8 27.Qc3  1/2-1/2

[Event "4th Rohde Open"]
[Site "Sautron FRA"]
[Date "2004.10.29"]
[Round "7"]
[White "Serralta,M"]
[Black "Paci,C"]
[Result "0-1"]
[WhiteElo "2073"]
[BlackElo "2254"]

1.d4 e6 2.Nf3 Nf6 3.c4 Bb4+ 4.Nbd2 b6 5.e3 Bb7 6.Bd3 O-O 7.O-O d5 8.a3 Be7
9.b4 a5 10.Rb1 axb4 11.axb4 dxc4 12.Nxc4 Nc6 13.Bd2 Nd5 14.b5 Ncb4 15.Be2 f5
16.Nfe5 Ra2 17.e4 fxe4 18.Bg4 Qc8 19.Qb3 Rxd2 20.Nxd2 Nf4 21.Ndc4 h5 22.Bd1 Qe8
23.Ne3 Nbd5 24.Rc1 Bd6 25.f3 Bxe5 26.dxe5 Nd3 27.Nxd5 Bxd5 28.Qc2 Nxc1 29.Qxc1 exf3
30.Bxf3 Bxf3 31.gxf3 Qg6+ 32.Kf2 Qd3 33.Kg2 Qe2+ 34.Rf2 Qxe5 35.Qc4 Rf4 36.Qc6 Rh4
37.Kg1 Ra4 38.f4 Ra1+ 39.Kg2 Qf5 40.h3 Qg6+  0-1

[Event "16th Open"]
[Site "Leuven BEL"]
[Date "2004.11.13"]
[Round "5"]
[White "Mohandesi,S"]
[Black "Tonoli,B"]
[Result "1-0"]
[WhiteElo "2332"]
[BlackElo "2086"]

1.d4 Nf6 2.Nf3 e6 3.c4 Bb4+ 4.Nbd2 b6 5.e3 Bb7 6.Be2 O-O 7.O-O Bxd2 8.Bxd2 d6
9.Be1 Nbd7 10.Nd2 e5 11.f3 h6 12.d5 Nh7 13.e4 Qe7 14.Bf2 g6 15.Qc2 a5 16.b3 Bc8
17.a3 f5 18.b4 f4 19.c5 Ba6 20.b5 Bc8 21.cxd6 cxd6 22.Qc7 Ba6 23.bxa6 Rfc8
24.Qb7 Rab8 25.Rac1 Rxc1 26.Rxc1 Rxb7 27.axb7 Nhf6 28.Rc7  1-0

[Event "TCh-AUT"]
[Site "Graz AUT"]
[Date "2004.11.19"]
[Round "1"]
[White "Moser,Gu"]
[Black "Ljubic,J"]
[Result "0-1"]
[WhiteElo "2359"]
[BlackElo "2178"]

1.d4 Nf6 2.c4 e6 3.Nf3 Bb4+ 4.Nbd2 b6 5.a3 Bxd2+ 6.Qxd2 Bb7 7.e3 O-O 8.Bd3 d6
9.O-O Nbd7 10.Rd1 Qe7 11.b3 Rfd8 12.Bb2 e5 13.Bf1 Ne4 14.Qc2 Ng5 15.Ne1 e4
16.h4 Ne6 17.d5 Nef8 18.g3 f5 19.Bh3 Qf7 20.f4 Qg6 21.Qg2 Nf6 22.Nc2 Ng4
23.Qe2 Nh6 24.Kf2 Nd7 25.b4 Nf6 26.Nd4 Rd7 27.Rg1 Nhg4+ 28.Ke1 a6 29.a4 a5
30.bxa5 Rxa5 31.Bc3 Ra8 32.a5 bxa5 33.Kd2 a4 34.Rgb1 Bc8 35.Nc6 Nh5 36.Rg1 Rf7
37.Rab1 Nhf6 38.Kc2 Ba6 39.Bxg4 Qxg4 40.Qxg4 Nxg4 41.Bd4 Bxc4 42.Nb4 Ra5
43.Nc6 Bb3+ 44.Kc3 Rb5 45.Rg2 h5 46.Rgb2 Kh7 47.Ra1 Rf8 48.Rc1 Nf6 49.Na7 Nxd5+
50.Kd2 Rb7 51.Nc6 Ra8 52.Rbb1 Kg6 53.Rb2 Kf7 54.Rbb1 g6 55.Rb2 Ke8 56.Bc3 Nxc3  0-1

[Event "17th Belgrade Trophy"]
[Site "Obrenovac SCG"]
[Date "2004.11.23"]
[Round "2"]
[White "Milanovic,Da"]
[Black "Bogosavljevic,B"]
[Result "1-0"]
[WhiteElo "2434"]
[BlackElo "2254"]

1.d4 Nf6 2.c4 e6 3.Nf3 Bb4+ 4.Nbd2 b6 5.g3 Bb7 6.Bg2 O-O 7.O-O d5 8.Ne5 a5
9.Qc2 Nc6 10.Ndf3 dxc4 11.Qxc4 Qd5 12.Qxd5 Nxd5 13.Rd1 Rad8 14.a3 Be7 15.Nxc6 Bxc6
16.Bg5 f6 17.Bd2 Bd6 18.Rac1 Ne7 19.Bf4 Bxf4 20.gxf4 Rd7 21.Rd3 Bb5 22.Rd2 Rfd8
23.Rdc2 c6 24.b3 a4 25.b4 Kf7 26.Bf1 h6 27.h4 Nf5 28.e3 Nd6 29.Bxb5 cxb5
30.Nd2 Kg6 31.Rc6 Rb8 32.Kg2 h5 33.Kf3 Kf7 34.Rc7 Ke7 35.Ke2 Kd8 36.R7c6 Ke7
37.Rg1 Kf7 38.Rgc1 Ke7 39.Kd3 Nf5 40.Nf3 Nd6 41.d5 exd5 42.Nd4 Kf7 43.f5 Nc4
44.Nxb5 Ne5+ 45.Kd4 Nxc6+ 46.Rxc6 Re7 47.Nd6+ Kg8 48.Kxd5 Re5+ 49.Kd4 Re7
50.f4 Kf8 51.e4 Rd7 52.Kd5 Re7 53.e5 fxe5 54.fxe5 Ra7 55.e6 Re7 56.Ke5 Ra7
57.Kf4 Rd8 58.Nc8 Rb7 59.Rxb6 Rxb6 60.e7+  1-0

[Event "TCh-SLO"]
[Site "Celje SLO"]
[Date "2004.11.30"]
[Round "2"]
[White "Podkriznik,G"]
[Black "Krumpacnik,D"]
[Result "1/2-1/2"]
[WhiteElo "2373"]
[BlackElo "2344"]

1.d4 Nf6 2.Nf3 e6 3.c4 Bb4+ 4.Nbd2 d5 5.a3 Be7 6.e3 b6 7.Bd3 Bb7 8.O-O O-O
9.cxd5 exd5 10.b4 Bd6 11.Bb2 Nbd7 12.Re1 Re8 13.Nf1 Ne4 14.Ng3 Re6 15.Rc1 Rf6
16.Qc2 Qe7 17.Red1 Re8 18.Bxe4 dxe4 19.Ne5 Bxe5 20.dxe5 Rc6 21.Qa4 Nxe5 22.Qxa7 Ba8
23.Bxe5 Qxe5 24.Qa4 Rxc1 25.Rxc1 Rd8 26.Qc2 Rd7 27.Rd1 Rxd1+ 28.Qxd1 Bd5
29.h3 g6 30.Qd2 Qa1+ 31.Kh2 c6 32.b5 Qxa3 33.bxc6 Bxc6 34.Qd8+ Qf8 35.Qxb6 Qd6
36.Qb2 h5 37.Kg1 h4 38.Ne2 Qd1+ 39.Kh2 Qd6+ 40.Kg1 Qd1+  1/2-1/2

[Event "XII It"]
[Site "Solin-Split CRO"]
[Date "2004.12.03"]
[Round "1"]
[White "Jankovic,A"]
[Black "Kovacevic,B"]
[Result "0-1"]
[WhiteElo "2477"]
[BlackElo "2503"]

1.d4 e6 2.Nf3 Nf6 3.c4 Bb4+ 4.Nbd2 b6 5.e3 Bb7 6.Bd3 Ne4 7.O-O f5 8.Qc2 Nxd2
9.Nxd2 O-O 10.e4 Nc6 11.Nf3 fxe4 12.Bxe4 Rxf3 13.gxf3 Qh4 14.Qd3 Bd6 15.f4 Nb4
16.Qf3 Bxe4 17.Qxe4 Rf8 18.f3 Nc6 19.d5 Nd4 20.Rf2 Bxf4 21.Bxf4 Rxf4 22.Qe3 e5
23.Raf1 d6 24.b3 a5 25.Kh1 Nf5  0-1

[Event "Region Champ"]
[Site "Voronezh RUS"]
[Date "2004.12.04"]
[Round "2"]
[White "Chernyshov,K"]
[Black "Rodin,D"]
[Result "1/2-1/2"]
[WhiteElo "2569"]
[BlackElo "2421"]

1.d4 Nf6 2.c4 e6 3.Nf3 Bb4+ 4.Nbd2 a5 5.g3 O-O 6.Bg2 b6 7.a3 Bxd2+ 8.Nxd2 Ra7
9.O-O a4 10.Nb1 d6 11.Nc3 Bd7 12.Qd3 Nc6 13.Nb5 Ra8 14.Bg5 Ra5 15.Rac1 h6
16.Bd2 Ra8 17.Rfd1 Re8 18.Qc2 e5 19.dxe5 Rxe5 20.Bc3 Rc5 21.Qd2 Rc8 22.Bxf6 Qxf6
23.Nc3 Ra5 24.Ne4 Qe7 25.c5 bxc5 26.Nxd6 cxd6 27.Bxc6 Bxc6 28.Qxa5 Qe4 29.f3 Qxe2
30.Qc3 Bxf3 31.Rd2 Qe4 32.Rxd6 Bg4 33.Re1 Qb7 34.Qd2 Bh3 35.Rd8+ Rxd8 36.Qxd8+ Kh7
37.Qd3+ f5 38.Re2 c4 39.Qe3 Qd5 40.Rd2 Qb7 41.Qd4 Qf3 42.Qf4 Qb3 43.Qe5 Qf3
44.Qe2 Qb3 45.Qe5 Qf3 46.Qf4 Qb3 47.Qd4 Qf3 48.Qf4  1/2-1/2

[Event "XII It"]
[Site "Solin-Split CRO"]
[Date "2004.12.07"]
[Round "5"]
[White "Jankovic,A"]
[Black "Kurajica,B"]
[Result "1/2-1/2"]
[WhiteElo "2477"]
[BlackElo "2541"]

1.d4 Nf6 2.c4 e6 3.Nf3 Bb4+ 4.Nbd2 O-O 5.e3 d5 6.a3 Be7 7.Bd3 c5 8.dxc5 a5
9.Rb1 Bxc5 10.b4 axb4 11.axb4 Be7 12.O-O dxc4 13.Nxc4 Nc6 14.b5 Nb4 15.Be2 Qxd1
16.Bxd1 Nbd5 17.Bc2 Nc3 18.Rb2 Ne2+ 19.Kh1 Nxc1 20.Rxc1 Bd7 21.Nfe5 Rfd8
22.Nxd7 Nxd7 23.Rd1 Rac8 24.Na5 Bf6 25.Ra2 Ra8 26.Bb1 Nc5 27.Rxd8+ Rxd8 28.Bc2 g6
29.g3  1/2-1/2

[Event "3rd Subasic Mem"]
[Site "Zenica BIH"]
[Date "2004.12.09"]
[Round "7"]
[White "Zivanic,M"]
[Black "Drasko,M"]
[Result "1/2-1/2"]
[WhiteElo "2435"]
[BlackElo "2486"]

1.d4 e6 2.c4 Nf6 3.Nf3 Bb4+ 4.Nbd2 d6 5.g3 Nc6 6.Bg2 a5 7.O-O e5 8.d5 Ne7
9.e4 Nd7 10.Ne1 b5 11.b3 Bc3 12.Rb1 b4  1/2-1/2

[Event "Open"]
[Site "Zadar CRO"]
[Date "2004.12.14"]
[Round "2"]
[White "Jovanic,O"]
[Black "Ramesa,M"]
[Result "1-0"]
[WhiteElo "2475"]
[BlackElo "2230"]

1.d4 Nf6 2.Nf3 e6 3.c4 Bb4+ 4.Nbd2 d5 5.Qa4+ Nc6 6.a3 Bxd2+ 7.Bxd2 dxc4 8.Qxc4 Qd5
9.Rc1 O-O 10.Qxd5 exd5 11.Bf4 Bg4 12.e3 Rac8 13.Bb5 Ne7 14.Ne5 Bf5 15.Be2 Ng6
16.Nxg6 hxg6 17.f3 Rfe8 18.g4 Bd7 19.Kf2 c6 20.h4 Nh7 21.Bd3 Nf8 22.h5 gxh5
23.gxh5 Ne6 24.Be5 Ng5 25.f4 f6 26.Bxf6 gxf6 27.Rhg1 Rf8 28.Ke2 Be8 29.h6 Bh5+
30.Kd2 Kh8 31.fxg5 fxg5 32.Rxg5 Rf2+ 33.Kc3 c5 34.Rxd5 cxd4+ 35.Kxd4  1-0

[Event "Open"]
[Site "Zadar CRO"]
[Date "2004.12.14"]
[Round "3"]
[White "Saric,A"]
[Black "Zelcic,R"]
[Result "0-1"]
[WhiteElo "2437"]
[BlackElo "2531"]

1.d4 Nf6 2.Nf3 e6 3.c4 Bb4+ 4.Nbd2 b6 5.e3 O-O 6.Bd3 Bb7 7.O-O d5 8.a3 Bd6
9.b4 c5 10.cxd5 exd5 11.bxc5 bxc5 12.dxc5 Bxc5 13.Bb2 Nbd7 14.Nb3 Be7 15.a4 Ne4
16.a5 Bf6 17.Bd4 Bxd4 18.Nbxd4 Qf6 19.a6 Bc8 20.Qc2 Ndc5 21.Bxe4 dxe4 22.Nd2 Qe7
23.Nc6 Qd6 24.Nxe4 Qxc6 25.Nxc5 Rb8 26.Rfc1 Rb6 27.h3 h6 28.Qd3 Qf6 29.Ra4 Rc6
30.Rcc4 Bf5 31.Nd7 Bxd3 32.Nxf6+ Rxf6 33.Rc7 Ra8  0-1

[Event "Master Open"]
[Site "Singapore SIN"]
[Date "2004.12.15"]
[Round "7"]
[White "Irwanto,S"]
[Black "Tirto"]
[Result "1/2-1/2"]
[WhiteElo "2413"]
[BlackElo "2388"]

1.d4 Nf6 2.c4 e6 3.Nf3 Bb4+ 4.Nbd2 b6 5.a3 Bxd2+ 6.Bxd2 Bb7 7.Bg5 O-O 8.e3 h6
9.Bh4 c5 10.Be2 cxd4 11.Qxd4 Nc6 12.Qd3 d5 13.cxd5 Qxd5 14.Qxd5 Nxd5 15.O-O f6
16.Bg3 Kf7 17.Rfd1 Rfd8 18.Nd2 e5 19.Bc4 Kf8 20.Nf1 Nde7 21.f3 Na5 22.Ba2 Bd5
23.Bxd5 Nxd5 24.Rd3 Ne7 25.Rc3 Rac8 26.Rac1 Rxc3 27.Rxc3 Rc8 28.Rxc8+ Nxc8
29.Be1 Nc6 30.Kf2 Kf7 31.Ke2 Nd6 32.e4 Ke6 33.Ne3 Nd4+ 34.Kd3 Nc6  1/2-1/2

[Event "Czech Christmas"]
[Site "Litomysl CZE"]
[Date "2004.12.27"]
[Round "2"]
[White "Cerveny,M"]
[Black "Plischki,S"]
[Result "0-1"]
[WhiteElo "2135"]
[BlackElo "2346"]

1.d4 Nf6 2.c4 e6 3.Nf3 Bb4+ 4.Nbd2 b6 5.a3 Bxd2+ 6.Bxd2 Bb7 7.Bg5 d6 8.e3 Nbd7
9.Bd3 h6 10.Bh4 g5 11.Bg3 h5 12.h3 h4 13.Bh2 Rg8 14.g4 hxg3 15.Bxg3 Ne4 16.Rg1 Qe7
17.Nd2 Nxd2 18.Kxd2 O-O-O 19.b4 f5 20.c5 dxc5 21.bxc5 Nxc5 22.Ke2 f4 23.dxc5 fxg3
24.c6 Bxc6 25.Rxg3 Rd6 26.Qb3 Rgd8 27.Ba6+ Kb8 28.Rc1 Qf6 29.Ke1 Bf3  0-1

[Event "Open A"]
[Site "Krakow POL"]
[Date "2005.01.02"]
[Round "6"]
[White "Shushpanov,V"]
[Black "Chojnacki,K"]
[Result "1/2-1/2"]
[WhiteElo "2395"]
[BlackElo "2310"]

1.d4 Nf6 2.c4 e6 3.Nf3 Bb4+ 4.Nbd2 b6 5.e3 Bb7 6.Bd3 O-O 7.O-O Bxd2 8.Nxd2 d6
9.b3 e5 10.Bb2 e4 11.Be2 Qe7 12.Qc2 Nbd7 13.b4 Rfe8 14.c5 bxc5 15.bxc5 dxc5
16.Ba3 Bd5 17.Nb3 Qe6 18.Nxc5 Nxc5 19.Bxc5 Nd7 20.Rfc1 Nb6 21.Bb4 a5 22.Ba3 Rec8
23.Bb5 c6 24.Be2 Rcb8 25.Rcb1 h6 26.g3 Nd7 27.Rxb8+ Rxb8 28.Bc1 c5 29.dxc5 Qe5
30.Rb1 Rxb1 31.Qxb1 Nxc5 32.Bb2 Qe6 33.Bd4 Nd3 34.a3 Bc4 35.Bf1  1/2-1/2

[Event "Oceania zt"]
[Site "Auckland NZL"]
[Date "2005.01.31"]
[Round "2"]
[White "Steadman,M"]
[Black "Wohl,A"]
[Result "0-1"]
[WhiteElo "2222"]
[BlackElo "2378"]

1.d4 Nf6 2.c4 e6 3.Nf3 Bb4+ 4.Nbd2 b6 5.e3 Bb7 6.Bd3 O-O 7.O-O c5 8.a3 Bxd2
9.Qxd2 Bxf3 10.gxf3 cxd4 11.exd4 Nc6 12.Qc3 d5 13.c5 bxc5 14.dxc5 d4 15.Qc2 Qd5
16.Be4 Nxe4 17.fxe4 Qh5 18.f3 f5 19.Bf4 Rf6 20.Bd6 a5 21.b3 Ra7 22.Qd3 h6
23.Qb5 Qe8 24.Kh1 fxe4 25.fxe4 Raf7 26.Rxf6 Rxf6 27.Be5 Rf8 28.Bg3 Kh7 29.Kg1 e5
30.Rf1 Rxf1+ 31.Qxf1 Qd8 32.Qd3 Qg5 33.Kg2 Qc1 34.Qb5 Qc2+ 35.Kf3 d3  0-1

[Event "10th HIT Open A"]
[Site "Nova Gorica SLO"]
[Date "2005.01.31"]
[Round "6"]
[White "Kuljasevic,D"]
[Black "Krumpacnik,D"]
[Result "1/2-1/2"]
[WhiteElo "2401"]
[BlackElo "2364"]

1.d4 Nf6 2.Nf3 e6 3.c4 Bb4+ 4.Nbd2 d5 5.Qa4+ Nc6 6.a3 Bxd2+ 7.Bxd2 Ne4 8.Rd1 O-O
9.e3 f5 10.Qc2 a5 11.Bd3 Bd7 12.O-O Be8 13.Ne1 Bg6 14.f3 Nxd2 15.Rxd2 Qd6
16.f4 Bh5 17.c5 Qe7 18.Bb5 Nd8 19.Nd3 Be8 20.Bxe8 Qxe8 21.h3 Nf7 22.g4 g6
23.Rg2 Kh8 24.Ne1 Qe7 25.Nf3 b5 26.Kh1 c6 27.Rfg1 Rg8 28.Qf2 Raf8 29.Qg3 Qd8
30.b3 Re8 31.Rh2 Qf6 32.Kg2 g5 33.Kh1 Rg7 34.Rhg2 Reg8 35.Kh2 fxg4 36.hxg4 Qh6+
37.Qh3 Qf6 38.Qg3 Qh6+ 39.Qh3 Qf6 40.Qg3  1/2-1/2

[Event "10th HIT Open A"]
[Site "Nova Gorica SLO"]
[Date "2005.01.31"]
[Round "6"]
[White "Kozul,Z"]
[Black "Miezis,N"]
[Result "1-0"]
[WhiteElo "2595"]
[BlackElo "2547"]

1.d4 Nf6 2.Nf3 e6 3.c4 Bb4+ 4.Nbd2 d5 5.Qa4+ Nc6 6.a3 Bxd2+ 7.Bxd2 Ne4 8.Rd1 Qf6
9.Be3 O-O 10.g3 Nd6 11.c5 Nc4 12.Bc1 Bd7 13.Qc2 e5 14.dxe5 N6xe5 15.Nxe5 Nxe5
16.Bg2 d4 17.f4 Ng4 18.h3 Bf5 19.Qb3 Ne3 20.Bxe3 dxe3 21.O-O Qg6 22.Qxe3 Rae8
23.Qf2 Be4 24.Rd2 Qc6 25.Rc1 a5 26.Rc4 Bxg2 27.Qxg2 Qb5 28.Rc3 f5 29.Qd5+ Kh8
30.Rb3 Qa6 31.Qxb7 Qh6 32.Kg2 Qe6 33.Rbd3 c6 34.Qd7 Qe4+ 35.Kh2 Re7 36.Qd4 Qe6
37.Qd6 Qe4 38.Qd4 Qe6 39.Qf2 Rfe8 40.Rd8 h6 41.Rxe8+ Rxe8 42.Qd4 Kh7 43.Kg2 Rb8
44.Kf2 Re8 45.Qd3 Re7 46.b4 axb4 47.axb4 Kh8 48.Qf3 Kh7 49.Rd6 Qc4 50.Qd3 Re4
51.Qxc4 Rxc4 52.Rxc6 Rxb4 53.Re6 Rc4 54.Re5 Kg6 55.Ke3 Kf6 56.Kd3 Rc1 57.Kd4 g5
58.Re3 h5 59.h4  1-0

[Event "10th HIT Open A"]
[Site "Nova Gorica SLO"]
[Date "2005.02.01"]
[Round "7"]
[White "Saric,A"]
[Black "Jaracz,P"]
[Result "1-0"]
[WhiteElo "2447"]
[BlackElo "2532"]

1.d4 Nf6 2.c4 e6 3.Nf3 Bb4+ 4.Nbd2 d6 5.g3 Nc6 6.Bg2 e5 7.d5 Bxd2+ 8.Bxd2 Ne7
9.O-O O-O 10.Ne1 Ng6 11.Bc3 h6 12.Nd3 Nh7 13.Qd2 Qe7 14.e4 Bd7 15.b4 Rae8
16.Rae1 Qd8 17.Qb2 f6 18.f4 Qe7 19.Qf2 b6 20.f5 Nh8 21.a4 g6 22.Bd2 Qg7 23.a5 Nf7
24.h3 gxf5 25.exf5 Kh8 26.Re4 Rg8 27.Rg4 Qf8 28.Rg6 Qe7 29.Qe2 e4 30.Rxg8+ Rxg8
31.g4 h5 32.Nf4 Ne5 33.Nxh5 bxa5 34.bxa5 Rb8  1-0

[Event "Mayor de Chile"]
[Site "Santiago CHI"]
[Date "2005.02.14"]
[Round "1"]
[White "Romero Pino,C"]
[Black "Martinez,Dav"]
[Result "1/2-1/2"]
[WhiteElo "2289"]
[BlackElo "2077"]

1.d4 Nf6 2.c4 e6 3.Nf3 Bb4+ 4.Nbd2 d5 5.e3 O-O 6.a3 Bxd2+ 7.Qxd2 b6 8.cxd5 exd5
9.b4 Ne4 10.Qc2 c5 11.Bd3 Bf5 12.dxc5 bxc5 13.bxc5 Nd7 14.O-O Ndxc5 15.Bxe4 Nxe4
16.Bb2 Ng3 17.Qa4 Bd7 18.Qd1 Nxf1 19.Qd4 f6 20.Qxd5+ Kh8 21.Rxf1 Bg4 22.Qe4  1/2-1/2

[Event "Mayor de Chile"]
[Site "Santiago CHI"]
[Date "2005.02.15"]
[Round "2"]
[White "Avalos,J"]
[Black "Valdes Escobar,A"]
[Result "1-0"]
[WhiteElo "2252"]
[BlackElo "2126"]

1.d4 Nf6 2.c4 e6 3.Nf3 Bb4+ 4.Nbd2 O-O 5.e3 d6 6.Bd3 Nbd7 7.O-O Bxd2 8.Nxd2 e5
9.f4 exd4 10.exd4 d5 11.c5 Re8 12.Qf3 Qe7 13.Nb1 Ne4 14.Nc3 Ndf6 15.f5 b6
16.Re1 Bb7 17.cxb6 cxb6 18.a3 Qd7 19.Ne2 Re7 20.g4 g5 21.h4 h6 22.hxg5 hxg5
23.Kg2 Kg7 24.Rh1 Rg8 25.Qh3 Kf8 26.a4 Ke8 27.b3 Kd8 28.Ba3 Nd6 29.Qg3 Nfe8
30.Rac1 f6 31.Bb5 Nxb5 32.Qb8+ Bc8 33.Rxc8+ Qxc8 34.Bxe7+  1-0

[Event "TCh-SWE Elitserien 2004-5"]
[Site "Sweden SWE"]
[Date "2005.02.26"]
[Round "8"]
[White "Sjoberg,M"]
[Black "Larsson,P"]
[Result "1-0"]
[WhiteElo "2346"]
[BlackElo "2353"]

1.d4 Nf6 2.Nf3 e6 3.c4 Bb4+ 4.Nbd2 O-O 5.a3 Be7 6.e3 b6 7.Bd3 c5 8.d5 Ba6
9.e4 exd5 10.e5 Nh5 11.Qc2 g6 12.cxd5 d6 13.Bxa6 Nxa6 14.Ne4 f5 15.exf6 Nxf6
16.O-O Nxe4 17.Qxe4 Nc7 18.Bf4 Qd7 19.Bg3 Rae8 20.Rad1 Rf5 21.Qc4 Bf8 22.h4 Qb5
23.b3 a6 24.Ng5 Qxc4 25.bxc4 b5 26.f3 bxc4 27.Ne4 Nxd5 28.Rxd5 Rxd5 29.Nf6+ Kf7
30.Nxd5 Bg7 31.Rc1 c3 32.Nxc3 d5 33.Nxd5 Bd4+ 34.Bf2 Re2 35.Bxd4 cxd4 36.Rd1 Ra2
37.Rxd4  1-0

[Event "Tch-CRO U20"]
[Site "Sv. Filip i Jakov CRO"]
[Date "2005.03.03"]
[Round "7"]
[White "Bosiocic,Mari"]
[Black "Franciskovic,B"]
[Result "1-0"]
[WhiteElo "2365"]
[BlackElo "2193"]

1.d4 Nf6 2.Nf3 e6 3.c4 Bb4+ 4.Nbd2 b6 5.a3 Bxd2+ 6.Bxd2 h6 7.Bf4 Bb7 8.e3 d6
9.h3 Nbd7 10.Be2 O-O 11.O-O Ne4 12.b4 Nc3 13.Qc2 Nxe2+ 14.Qxe2 Qe7 15.Rfd1 e5
16.Bh2 a5 17.Rac1 axb4 18.axb4 exd4 19.Nxd4 Rfe8 20.Nb5 Ne5 21.Nc3 Ra3 22.Nd5 Bxd5
23.cxd5 Rea8 24.Bg3 Qd7 25.e4 R8a7 26.Kh2 b5 27.Bxe5 dxe5 28.Rc5 Ra2 29.Rd2 Rxd2
30.Qxd2 Ra4 31.Qc3 Qd6 32.Rxb5 Qf6 33.Qf3 Qd8 34.Qf5 Ra6 35.Qxe5 Rf6 36.f3 Rg6
37.Qf4 Rf6 38.Qe5 Qd7 39.Rb8+ Kh7 40.f4 c6 41.Rb6 cxd5 42.Rxf6 gxf6 43.Qxd5 Qc7
44.Qf5+ Kg7 45.b5 Qb6 46.Kg3 Qe3+ 47.Kh4 Qf2+ 48.g3 Qe3 49.e5  1-0

[Event "ch-BLR"]
[Site "Minsk BLR"]
[Date "2005.03.08"]
[Round "5"]
[White "Maiorov,N"]
[Black "Gorovets,A"]
[Result "1-0"]
[WhiteElo "2457"]
[BlackElo "2345"]

1.d4 e6 2.c4 Bb4+ 3.Nd2 Nf6 4.Nf3 O-O 5.a3 Bxd2+ 6.Qxd2 b6 7.g3 Bb7 8.Bg2 a5
9.b3 Qc8 10.O-O Bc6 11.Bb2 Be4 12.Rfd1 d6 13.Bh3 Qb7 14.d5 e5 15.Nh4 Nbd7
16.f3 Bg6 17.e4 b5 18.Bf1 bxc4 19.Nxg6 fxg6 20.bxc4 Qb6+ 21.Kg2 Nc5 22.Rab1 Nb3
23.Qc2 a4 24.Bc3 g5 25.Be2 Ng4 26.fxg4 Rf2+ 27.Kh1 Qe3 28.Rb2 Raf8 29.Rg1 R8f6
30.Be1 Nd4 31.Bxf2 Rxf2 32.Qd3 Qxd3 33.Rb8+ Kf7 34.Bxd3 Rd2 35.Rf1+ Kg6 36.Bb1 h5
37.Rbf8  1-0

[Event "Acropolis GM Open"]
[Site "Athens GRE"]
[Date "2005.03.10"]
[Round "5"]
[White "Obodchuk,A"]
[Black "Skalkotas,N"]
[Result "1-0"]
[WhiteElo "2442"]
[BlackElo "2278"]

1.d4 Nf6 2.c4 e6 3.Nf3 Bb4+ 4.Nbd2 d5 5.a3 Be7 6.e3 O-O 7.Bd3 b6 8.O-O Bb7
9.b3 Nbd7 10.Bb2 c5 11.Qe2 Ne4 12.Rfd1 Qb8 13.cxd5 exd5 14.Ba6 Bf6 15.Rac1 Rd8
16.Rc2 Bxa6 17.Qxa6 b5 18.Qc6 cxd4 19.Nxe4 dxe4 20.Nxd4 Be5 21.Qxe4 Bxh2+
22.Kh1 Nf6 23.Qf3 Bc7 24.Rdc1 Bb6 25.Nc6  1-0

[Event "7th Foxwoods Open"]
[Site "Connecticut USA"]
[Date "2005.03.23"]
[Round "1"]
[White "Scekic,M"]
[Black "Michel,C"]
[Result "1-0"]
[WhiteElo "2405"]
[BlackElo "2201"]

1.d4 Nf6 2.c4 e6 3.Nf3 Bb4+ 4.Nbd2 b6 5.g3 Bb7 6.a3 Bxd2+ 7.Qxd2 a5 8.b3 O-O
9.Bg2 d6 10.O-O Nbd7 11.Bb2 Qe7 12.b4 Rfe8 13.Rfd1 axb4 14.axb4 b5 15.c5 Bd5
16.Ne1 Bxg2 17.Nxg2 Qf8 18.Qd3 c6 19.e4 Rxa1 20.Bxa1 Ra8 21.cxd6 Qxd6 22.Bc3 Qc7
23.Be1 Nb6 24.Ne3 Qd7 25.f3 h6 26.Bf2 Rd8 27.Qc2 Ne8 28.Rc1 Rc8 29.Ng4 f6
30.Qc5 Nc4 31.Ra1 f5 32.exf5 exf5 33.Ne5 Nxe5 34.dxe5 Nc7 35.Qd6 Qxd6 36.exd6 Ne6
37.Ra7 Rd8 38.Bc5 Nxc5 39.bxc5 Rb8 40.Ra6 Rc8 41.Rxc6  1-0